书目信息 |
| 书名: | The workshop of democracy | |
| 作者: | James. | |
| 分册号: | ||
| 分册名: | 出版地: | New york : |
|
| 出版社: | Vintage | |
| 出版时间: | 1985. | |
| 页数: | 670 p. ; | |
| 开本: | 20cm. | |
| 丛书名: | ||
| 中图分类号: | ||
| 科图分类号: | ||
| 其他分类号: | K712.52 | |
| 主题词: | ||
| 电子资源: | ||
| 000 | 00370nam 2200145 a 4500 | |
| 001 | E0157325448 | |
| 005 | 2001121915552507 | |
| 008 | 011219s1985 00010 eng | |
| 020 | @a0-394-74320-2. | |
| 040 | @aPFT@beng | |
| 090 | @aK712.52 | |
| 099 | @dK712.52@eJ27 | |
| 245 | @aThe workshop of democracy / @cJames. | |
| 260 | @aNew york :@bVintage,@c1985. | |
| 300 | @a670 p. ;@c20cm. | |
| The workshop of democracy / / James.-New york : : Vintage, , 1985. |
| 670 p. ; ; 20cm. |
| ISBN 0-394-74320-2. |
| ● |
| 相关链接 |
|
|
|
正题名:The workshop of democracy
索取号:K712.52/J27
 
预约/预借
| 序号 | 登录号 | 条形码 | 馆藏地/架位号 | 状态 | 备注 |
| 1 | 0846 | 300008462 | 社科库309/309社科库 995排1列3层/ [索取号:K712.52/J27] | 在馆 |